El jardín de los cerezos
Uloženo v:
| Hlavní autor: | |
|---|---|
| Médium: | Kniha |
| Jazyk: | španělština |
| Vydáno: |
Madrid
Centro Dramático Nacional
1986
|
| Edice: | Teatro Nacional María Guerrero: Temporada 85-86
|
| Témata: | |
| Tagy: |
Přidat tag
Žádné tagy, Buďte první, kdo vytvoří štítek k tomuto záznamu!
|
MARC
| LEADER | 00000nam a2200000 a 4500 | ||
|---|---|---|---|
| 001 | UCQ4526 | ||
| 003 | CL-VaPUC | ||
| 008 | 980904e19860000SP |||||||||||||||||spa|d | ||
| 082 | 0 | 4 | |a 891.702 |b CHE |2 21 |
| 100 | 0 | |a Chejov, Anton Pavlovich |e author |9 352083 | |
| 245 | 1 | 3 | |a El jardín de los cerezos |
| 300 | |a Pag. irreg | ||
| 942 | |c BK | ||
| 945 | |d 19980904 00:00:00 |a lriquelm | ||
| 260 | |a Madrid |b Centro Dramático Nacional |c 1986 | ||
| 650 | 0 | |a Dramas rusos |9 267682 | |
| 650 | 0 | |a Literatura rusa |9 318370 | |
| 583 | |a last modification |c 19980904 00:00:00 |k Rodrigo Vera | ||
| 490 | 0 | |a Teatro Nacional María Guerrero: Temporada 85-86 | |
| 999 | |c 274898 |d 274896 | ||
| 952 | |0 0 |1 0 |4 0 |6 891_702000000000000_CHE_1986 |7 0 |8 A |9 311267 |a BIBEDU |b BIBEDU |d 2019-11-20 |i 1462741 |o 891.702 CHE 1986 |p 1462741 |r 2019-11-20 |w 2019-11-20 |y BK |k LIT | ||